000 00419cam a2200169 4500
001 D12129
008 090401t1885 xxu||||| |||| 00| 0 eng d
035 _a(Sirsi) u1322
041 _aeng
100 _aBirkbeck, William Lloyd
245 _aHistorical sketch of the distribution of land in England
260 _aLondon
_bMacMillan
_c1885
350 _a0
520 _aShelf 151
942 _n0
948 _c04/03/1997
999 _c85655
_d85655